| 000 | 00623nam a2200253Ia 4500 | ||
|---|---|---|---|
| 008 | 220204s9999 xx 000 0 und d | ||
| 082 |
_a577.1 _bSUT |
||
| 100 | _aSUTTIE, John W | ||
| 245 | 0 | _aIntroduction to biochemistry | |
| 250 | _aEd.2 | ||
| 260 |
_aNew York _bHolt Rinehart and Winston _c1977 |
||
| 650 | _aAmino acid | ||
| 650 | _aBiochemical energetics | ||
| 650 | _aBiochemistry | ||
| 650 | _aCarbohydrate | ||
| 650 | _aGlucogen synthesis | ||
| 650 | _aGlycongenesis | ||
| 650 | _aLipid | ||
| 650 | _aNucleic acid | ||
| 650 | _apH | ||
| 650 | _aPhotosynthesis | ||
| 650 | _aProtein | ||
| 942 | _cBK | ||
| 999 |
_c28150 _d28150 |
||